[Event "13th Moscow Open A 2017"]
[Site "masterchessopen.com Moscow RUS"]
[Date "2017.02.05"]
[Round "9.13"]
[White "Usmanov,V"]
[Black "Chigaev,M"]
[Result "1-0"]
[WhiteElo "2432"]
[BlackElo "2531"]

1. d4 Nf6 2. Nf3 e6 3. c4 c5 4. e3 cxd4 5. Nxd4 Be7 6. Nc3 O-O 7. Be2 a6 8.
O-O Qc7 9. e4 d6 10. Be3 Nbd7 11. Rc1 b6 12. Qd2 Bb7 13. f3 Rac8 14. Rfd1 Qb8
15. Bf1 Bd8 16. b3 Bc7 17. h3 Kh8 18. Nc2 Rg8 19. Bf4 Ne5 20. Bg5 Ng6 21. Nd4
Ne5 22. Nc2 Nh5 23. Be7 Rcd8 24. Bxd8 Qxd8 25. Qf2 Qf6 26. Ne3 Ng6 27. Ne2 Qg5
28. Kh1 Ngf4 29. h4 Qh6 30. Ng4 Qg6 31. Nxf4 Nxf4 32. Qe3 e5 33. Kh2 f5 34.
exf5 Qxf5 35. g3 Ne6 36. Bh3 Qf7 37. Rf1 Rf8 38. Nf2 Nd4 39. Ne4 h6 40. f4 Qg6
41. fxe5 Rxf1 42. Rxf1 Qxe4 43. Qxe4 Bxe4 44. Rf8+ Kh7 45. e6 Nf3+ 46. Kg2
Ng5+ 47. Kf1 {#r} 1-0

[Event "Portugal Open 2017"]
[Site "masterchessopen.com Lisbon POR"]
[Date "2017.02.05"]
[Round "4.6"]
[White "Galego,L"]
[Black "Kovalenko,I"]
[Result "0-1"]
[WhiteElo "2478"]
[BlackElo "2684"]

1. d4 Nf6 2. Nf3 e6 3. c4 a6 4. e3 d5 5. c5 b6 6. cxb6 cxb6 7. Nc3 Bd6 8. Ne5
Bb7 9. f4 Nc6 10. Bd3 Ne7 11. O-O Ne4 12. Qa4+ Kf8 13. Qd1 g6 14. Bd2 Kg7 15.
Be1 f6 16. Qf3 Nxc3 17. Bxc3 a5 18. Rac1 Rf8 19. Ng4 Ba6 20. Bxa6 Rxa6 21. e4
dxe4 22. Qxe4 Nd5 23. Qxe6 Bxf4 24. Rce1 h5 25. g3 Bxg3 26. hxg3 hxg4 27. Qxg4
Ra7 28. Re6 Re7 29. Rxe7+ Qxe7 30. Re1 Qd8 31. Re6 Qd7 32. Qe4 Kf7 {#R} 0-1

[Event "PRO League Atlantic 2017"]
[Site "masterchessopen.com chess.com INT"]
[Date "2017.02.01"]
[Round "4"]
[White "Hess,Ro"]
[Black "Dragun,K"]
[Result "1-0"]
[WhiteElo "2571"]
[BlackElo "2614"]

1. d4 Nf6 2. c4 e6 3. Nf3 d5 4. e3 c5 5. cxd5 exd5 6. Bb5+ Nc6 7. O-O Bg4 8.
Bxc6+ bxc6 9. Qa4 Bd7 10. b3 Bd6 11. Ba3 Ne4 12. Rc1 Qf6 13. Nc3 O-O 14. Nxd5
Qg6 15. dxc5 Bh3 16. Nh4 Qg4 17. cxd6 cxd5 18. f3 Qxh4 19. fxe4 Qg5 20. Rc2
Qxe3+ 21. Rf2 Be6 22. exd5 Bxd5 23. Qf4 Qb6 24. Rd1 Be6 25. Bb2 f6 26. Qd4 Qb7
27. Re1 Qd7 28. Rfe2 Rfe8 29. h3 Rad8 30. Ba3 Kf7 31. Bc5 a6 32. Qd3 Rc8 33.
b4 Kg8 34. Qxa6 Ra8 35. Rxe6 {#r} 1-0

[Event "PRO League Central 2017"]
[Site "masterchessopen.com chess.com INT"]
[Date "2017.02.01"]
[Round "4"]
[White "Csonka,B"]
[Black "Cooper,L"]
[Result "1-0"]
[WhiteElo "2414"]
[BlackElo "2355"]

1. d4 Nf6 2. c4 e6 3. Nf3 c5 4. d5 exd5 5. cxd5 Bd6 6. g3 O-O 7. Bg2 a6 8. a4
Bc7 9. O-O d6 10. Nfd2 Nbd7 11. Nc4 Nb6 12. b3 Nxc4 13. bxc4 Ba5 14. Bb2 Bg4
15. Qd3 Re8 16. e4 Rb8 17. Na3 Bd7 18. f4 Bxa4 19. e5 Nd7 20. e6 Nf6 21. f5 b5
22. g4 bxc4 23. Nxc4 Bb5 24. Bxf6 gxf6 25. g5 Bd2 26. gxf6 Qxf6 27. Qg3+ Bg5
28. Nxd6 fxe6 29. Ne4 Qd4+ 30. Kh1 h6 31. f6 Bxf1 32. Rxf1 Kf7 33. Nxg5+ hxg5
34. Qc7+ Kg6 35. Qg7+ Kh5 36. Qh7+ Kg4 37. Bh3# 1-0

[Event "PRO League Pacific 2017"]
[Site "masterchessopen.com chess.com INT"]
[Date "2017.02.01"]
[Round "4"]
[White "Sargissian,G"]
[Black "Wheeler,Cameron"]
[Result "1-0"]
[WhiteElo "2667"]
[BlackElo "2398"]

1. d4 Nf6 2. c4 e6 3. Nf3 c5 4. e3 cxd4 5. exd4 d5 6. Nc3 Nc6 7. c5 Ne4 8. Qc2
f5 9. Bb5 Bd7 10. O-O Be7 11. Bxc6 Bxc6 12. Ne5 O-O 13. f3 Nxc3 14. Qxc3 Rc8
15. Bd2 Be8 16. Rfe1 Bf6 17. Nd3 Qd7 18. Bf4 g5 19. Be5 Bd8 20. Qd2 f4 21. Nf2
Bg6 22. Bd6 Re8 23. h4 h6 24. Ng4 Kh7 25. hxg5 hxg5 26. Kf2 Qa4 27. Rh1+ Kg8
28. b3 Qa6 29. Rh6 Bf5 30. Rah1 Kg7 31. Be5+ Kf7 32. Rh7+ Bxh7 33. Rxh7+ Kg8
34. Rh8+ Kf7 35. Nh6+ Kg6 36. Qc2+ {#r} 1-0

[Event "TCh-HUN 2016-17"]
[Site "masterchessopen.com Hungary HUN"]
[Date "2017.01.29"]
[Round "5.4"]
[White "Markus,Rob"]
[Black "Hujbert,F"]
[Result "1-0"]
[WhiteElo "2649"]
[BlackElo "2464"]

1. d4 Nf6 2. c4 e6 3. Nf3 d5 4. g3 g6 5. Bg2 Bg7 6. O-O O-O 7. Nc3 Na6 8. Ne5
c5 9. Be3 dxc4 10. f4 Ng4 11. Nxg4 cxd4 12. Nh6+ Bxh6 13. Qxd4 Nb4 14. Rad1
Qxd4 15. Bxd4 Nc6 16. Bc5 Re8 17. Ne4 Bg7 18. Nd6 Rd8 19. Nxc4 Bf8 20. Bxf8
Kxf8 21. Bxc6 Rxd1 22. Rxd1 bxc6 23. Rd8+ Ke7 24. Rh8 Bb7 25. Rxh7 {#r} 1-0

[Event "Gibraltar Masters 2017"]
[Site "masterchessopen.com Caleta ENG"]
[Date "2017.01.30"]
[Round "7.49"]
[White "Omar,Noa"]
[Black "Riff,JN"]
[Result "1-0"]
[WhiteElo "2369"]
[BlackElo "2468"]

1. d4 e6 2. c4 Nf6 3. Nf3 Bb4+ 4. Nbd2 O-O 5. a3 Be7 6. e4 d6 7. Be2 Nbd7 8.
Qc2 c5 9. d5 Ng4 10. b3 Bf6 11. Rb1 Re8 12. O-O a6 13. h3 Nge5 14. Nxe5 Nxe5
15. f4 Ng6 16. Nf3 exd5 17. exd5 Nh4 18. Nxh4 Bd4+ 19. Kh2 Qxh4 20. Bd3 Bd7
21. Bd2 Bf2 22. Rxf2 Qxf2 23. Rf1 Qh4 24. Rf3 f5 25. Rg3 Re7 26. Rg5 Qf2 27.
Qc3 Rae8 28. Rg3 Rf8 29. Bc1 Rff7 30. Rf3 Qh4 31. Qa5 Qe1 32. Bd2 Qd1 33. Qd8+
Be8 34. Bc3 {#r} 1-0

[Event "Gibraltar Masters 2017"]
[Site "masterchessopen.com Caleta ENG"]
[Date "2017.02.01"]
[Round "9.27"]
[White "Zatonskih,A"]
[Black "Antipov,M2"]
[Result "1-0"]
[WhiteElo "2443"]
[BlackElo "2580"]

1. d4 Nf6 2. Nf3 e6 3. c4 Bb4+ 4. Bd2 c5 5. Bxb4 cxb4 6. g3 b6 7. Bg2 Bb7 8.
O-O O-O 9. Nbd2 d6 10. Ne1 Bxg2 11. Kxg2 Nc6 12. e3 a5 13. Nd3 e5 14. d5 Nb8
15. e4 Nbd7 16. f4 Re8 17. Qf3 Rc8 18. Rae1 Qe7 19. Rf2 Rc7 20. h3 Rec8 21. b3
b5 22. fxe5 Nxe5 23. Nxe5 Qxe5 24. cxb5 Rc3 25. Qf4 Qe7 26. Nc4 Nh5 27. Qf5
R8xc4 28. bxc4 g6 29. Qxf7+ Qxf7 30. Rxf7 Kxf7 31. b6 Nf6 32. Rf1 Rc2+ 33. Kg1
Ke7 34. Rxf6 Kxf6 35. b7 Ke5 36. b8=Q Rxc4 37. Qe8+ Kd4 38. e5 {#r} 1-0

[Event "Gibraltar Masters 2017"]
[Site "masterchessopen.com Caleta ENG"]
[Date "2017.02.01"]
[Round "9.30"]
[White "Khotenashvili,B"]
[Black "Huzman,A"]
[Result "0-1"]
[WhiteElo "2430"]
[BlackElo "2557"]

1. d4 Nf6 2. Nf3 e6 3. c4 d5 4. g3 Bb4+ 5. Bd2 Be7 6. Bg2 O-O 7. O-O c6 8. Qc2
a5 9. Bf4 Nbd7 10. Rd1 Nh5 11. Bc1 b5 12. Ne5 Bb7 13. c5 f5 14. Nxd7 Qxd7 15.
Nd2 Bd8 16. Nf3 Bc7 17. Ne5 Qe7 18. Bf3 Nf6 19. Bg5 h6 20. Bf4 Kh7 21. h4 Bb8
22. h5 Bxe5 23. Bxe5 Qf7 24. Kh2 Kg8 25. Bxf6 Qxf6 26. Kg2 f4 27. Qd2 e5 28.
dxe5 Qxe5 29. Qd4 Qg5 30. Rh1 fxg3 31. fxg3 Rae8 32. Rh4 Re5 33. Rf4 Rfe8 34.
Rf1 Bc8 35. Rf2 Bf5 36. a3 Be4 37. Qc3 Bxf3+ 38. exf3 Qxh5 39. Rh4 Qf5 40.
Qxa5 Re2 41. Rd4 R8e3 42. Rf4 Qc2 43. Qe1 Rxf2+ {#R} 0-1

[Event "Gibraltar Masters 2017"]
[Site "masterchessopen.com Caleta ENG"]
[Date "2017.02.01"]
[Round "9.97"]
[White "Hewson,Brian Wr"]
[Black "Herbold,M"]
[Result "0-1"]
[WhiteElo "2055"]
[BlackElo "2198"]

1. d4 e6 2. c4 Nf6 3. Nf3 Bb4+ 4. Bd2 Qe7 5. a3 Bxd2+ 6. Qxd2 d6 7. Nc3 O-O 8.
Qc2 e5 9. e3 Bg4 10. dxe5 dxe5 11. Be2 c6 12. Nh4 g6 13. Nf3 Nbd7 14. h3 Bf5
15. e4 Be6 16. Ng5 a5 17. Nxe6 Qxe6 18. O-O Qe7 19. Na4 Nc5 20. Nxc5 Qxc5 21.
Rfd1 Rfd8 22. g3 Kg7 23. Kg2 b6 24. Rac1 h5 25. h4 Qe7 26. f3 Nd7 27. Rd2 Nc5
28. Rcd1 Ne6 29. Rxd8 Rxd8 30. Rxd8 Qxd8 31. Qd3 Qe7 32. Qd2 Nd4 33. Bd3 f6
34. b4 axb4 35. axb4 g5 36. hxg5 fxg5 37. f4 gxf4 38. gxf4 Qh4 39. Be2 c5 40.
bxc5 bxc5 41. Bf3 exf4 42. Qf2 Qxf2+ 43. Kxf2 Nxf3 44. Kxf3 Kf6 {#R} 0-1

[Event "PRO League Atlantic 2017"]
[Site "masterchessopen.com chess.com INT"]
[Date "2017.02.01"]
[Round "4"]
[White "Hansen,Eric"]
[Black "Balleisen,Aaron S"]
[Result "1-0"]
[WhiteElo "2603"]
[BlackElo "2127"]

1. d4 Nf6 2. c4 e6 3. Nf3 Bb4+ 4. Bd2 Qe7 5. Nc3 d6 6. Qc2 O-O 7. a3 Bxc3 8.
Bxc3 Re8 9. e4 e5 10. d5 a5 11. b3 c6 12. Nd2 b5 13. dxc6 Nxc6 14. cxb5 Nd4
15. Qb1 d5 16. Bd3 Bb7 17. O-O dxe4 18. Bc4 Qd7 19. Re1 Qg4 20. h3 Qg6 21. Bf1
Rac8 22. Re3 Nf5 23. Nc4 Nxe3 24. fxe3 Nd5 25. Bxa5 Rxc4 26. bxc4 Nxe3 27. c5
Bc8 28. Bd2 Bxh3 29. Bxe3 f5 30. Qb3+ Kh8 31. b6 f4 32. b7 Rb8 33. Bxf4 Bxg2
34. Qg3 exf4 35. Qxg6 hxg6 36. c6 {#r} 1-0

[Event "PRO League Pacific 2017"]
[Site "masterchessopen.com chess.com INT"]
[Date "2017.02.01"]
[Round "4"]
[White "Kavutskiy,K"]
[Black "Brown,Michael William"]
[Result "0-1"]
[WhiteElo "2377"]
[BlackElo "2452"]

1. d4 Nf6 2. c4 e6 3. Nf3 Bb4+ 4. Nbd2 d6 5. a3 Bxd2+ 6. Nxd2 O-O 7. e3 e5 8.
d5 a5 9. b3 Bf5 10. Be2 Nbd7 11. g4 Bg6 12. h4 h6 13. g5 hxg5 14. hxg5 Nh7 15.
Nf3 Nxg5 16. Nxg5 Qxg5 17. e4 Qe7 18. Qd3 Nc5 19. Qh3 f6 20. Bg4 Kf7 21. Be3
b6 22. Bxc5 bxc5 23. Be6+ Ke8 24. Qg4 Bf7 25. Rh7 Bxe6 26. dxe6 Rg8 27. O-O-O
Kf8 28. Rg1 Re8 29. Qg6 Rb8 30. Kc2 a4 31. bxa4 Qxe6 32. Kc3 Qf7 33. Qg4 Ra8
34. Kb3 Rb8+ 35. Kc3 Ra8 36. Kb3 c6 37. Rgh1 Qb7+ 38. Ka2 Rb8 {#R} 0-1

[Event "TCh-LTU 2017"]
[Site "masterchessopen.com Lithuania LTU"]
[Date "2017.01.28"]
[Round "1.2"]
[White "Kveinys,A"]
[Black "Grybas,G"]
[Result "1-0"]
[WhiteElo "2504"]
[BlackElo "2028"]

1. d4 Nf6 2. c4 e6 3. Nf3 Bb4+ 4. Bd2 Bxd2+ 5. Qxd2 O-O 6. Nc3 d5 7. e3 b6 8.
cxd5 Nxd5 9. Nxd5 Qxd5 10. Be2 Ba6 11. O-O c5 12. Rfd1 cxd4 13. Nxd4 Bxe2 14.
Qxe2 Nc6 15. Nb5 Qf5 16. Rac1 Ne5 17. f4 Qg4 18. Kf1 Qxe2+ 19. Kxe2 Ng6 20.
Rd7 a6 21. Nd6 Rfd8 22. Rcc7 Nf8 23. Rxd8 Rxd8 24. Nxf7 Rd7 25. Rxd7 Nxd7 26.
Ng5 e5 27. f5 Nc5 28. b4 Na4 29. Kd3 Nb2+ 30. Kc3 Nd1+ 31. Kd2 Nb2 32. Ne4 Kf7
33. g4 h6 34. Nd6+ Kf6 35. Kc2 Na4 36. Ne4+ Ke7 37. h4 {#r} 1-0

[Event "13th Moscow Open B w 2017"]
[Site "masterchessopen.com Moscow RUS"]
[Date "2017.02.02"]
[Round "6.1"]
[White "Gritsayeva,O"]
[Black "Babiy,Olga"]
[Result "1-0"]
[WhiteElo "2321"]
[BlackElo "2315"]

1. d4 Nf6 2. c4 e6 3. Nf3 b6 4. a3 Bb7 5. Nc3 d5 6. cxd5 Nxd5 7. e3 Be7 8.
Bb5+ c6 9. Bd3 Nxc3 10. bxc3 Nd7 11. O-O c5 12. Qe2 O-O 13. e4 Qc7 14. Bb2
Rac8 15. Rad1 Rfd8 16. Rfe1 e5 17. Bb5 Bf6 18. d5 c4 19. Nd2 Nc5 20. Bxc4 Na4
21. Ba1 Be7 22. Ba6 Bxa3 23. Bxb7 Qxb7 24. Nc4 Bd6 25. Nxd6 Rxd6 26. c4 f6 27.
f4 exf4 28. e5 fxe5 29. Qxe5 Rdd8 30. Qxf4 Qf7 31. Qg4 Rc7 32. Re3 Qd7 33. Qh4
Re8 34. Rh3 Qf5 35. Rf1 Qe4 36. Qh5 Qg6 37. Qd1 Nc5 38. Rg3 Qe4 39. Qh5 Qe2
40. Rgf3 h6 41. Rf8+ {#r} 1-0

[Event "ch-MDA 2017"]
[Site "masterchessopen.com Chisinau MDA"]
[Date "2017.02.03"]
[Round "7.5"]
[White "Svetushkin,D"]
[Black "Soltanici,R"]
[Result "1-0"]
[WhiteElo "2577"]
[BlackElo "2401"]

1. d4 Nf6 2. c4 e6 3. Nf3 b6 4. a3 Ba6 5. Qb3 Be7 6. Nc3 Bb7 7. Bg5 Ne4 8.
Bxe7 Qxe7 9. Nxe4 Bxe4 10. Nd2 Bg6 11. g3 Nc6 12. e3 e5 13. d5 Na5 14. Qc3 c5
15. Bg2 Rc8 16. O-O O-O 17. f4 exf4 18. exf4 Rfe8 19. f5 Bh5 20. Ne4 f6 21.
Rae1 Nb7 22. g4 Bf7 23. g5 fxg5 24. f6 Qe5 25. Qh3 Nd6 26. fxg7 Qd4+ 27. Kh1
Nxe4 28. Bxe4 Qxg7 29. Qxd7 Bg6 30. Qh3 Rcd8 31. Qg2 Kh8 32. Bxg6 Qxg6 33. Qg3
Kg8 34. b4 cxb4 35. axb4 b5 36. Rxe8+ Rxe8 37. c5 {#r} 1-0

[Event "PRO League Eastern 2017"]
[Site "masterchessopen.com chess.com INT"]
[Date "2017.02.01"]
[Round "4"]
[White "Yatzenko,A"]
[Black "Hammer,J"]
[Result "0-1"]
[WhiteElo "2361"]
[BlackElo "2628"]

1. d4 Nf6 2. Nf3 e6 3. c4 b6 4. Nc3 Bb7 5. Bf4 Bb4 6. e3 Ne4 7. Qb3 Bxc3+ 8.
bxc3 O-O 9. Bd3 d6 10. O-O Nd7 11. Rac1 Qe7 12. c5 e5 13. cxd6 cxd6 14. Bxe4
Bxe4 15. Bg3 Bxf3 16. gxf3 Nf6 17. Bh4 h6 18. Bxf6 Qxf6 19. Qd5 Rac8 20. Rfd1
Rc7 21. dxe5 dxe5 22. Qd6 Qxd6 23. Rxd6 Rfc8 24. Rd3 f6 25. Kf1 Kf7 26. Ke2
Ke6 27. Kd2 Rc4 28. Rg1 g5 29. Kc2 Ra4 30. Kb3 Rh4 31. Rgd1 Rc7 32. Rd6+ Ke7
33. Rd8 Rxh2 34. Rh8 Ke6 35. Rdd8 Rxf2 36. Rde8+ Kf5 37. e4+ Kf4 38. Rxh6 Rxf3
39. Rxf6+ Kxe4 40. Rxe5+ Kxe5 41. Rxf3 g4 42. Rf1 g3 43. Kc2 g2 44. Rg1 Rg7
{#R} 0-1

[Event "13th Moscow Open B w 2017"]
[Site "masterchessopen.com Moscow RUS"]
[Date "2017.02.03"]
[Round "7.2"]
[White "Kashlinskaya,A"]
[Black "Kovanova,B"]
[Result "1-0"]
[WhiteElo "2418"]
[BlackElo "2376"]

1. d4 Nf6 2. c4 e6 3. Nf3 Bb4+ 4. Nbd2 b6 5. a3 Bxd2+ 6. Qxd2 Bb7 7. e3 a5 8.
b3 O-O 9. Be2 d6 10. O-O Nbd7 11. Bb2 Qe7 12. Qc2 Rfe8 13. b4 e5 14. Rfd1 h6
15. Rac1 axb4 16. axb4 Be4 17. Qb3 c5 18. dxe5 dxe5 19. b5 Bb7 20. Ra1 Rxa1
21. Rxa1 Qd6 22. Rd1 Qc7 23. Nh4 Be4 24. Bd3 Bxd3 25. Qxd3 e4 26. Qe2 Ne5 27.
Nf5 Re6 28. h3 Kh7 29. Bc3 Qa7 30. Rd6 Ned7 31. Qc2 Kg8 32. Rd1 Qc7 33. Qd2
Qa7 34. Nxg7 Kxg7 35. Qxd7 Qa2 36. Ra1 Qxc4 37. Ra7 Kg6 38. Qxf7+ Kf5 39. g4+
{#r} 1-0

[Event "13th Moscow Open A 2017"]
[Site "masterchessopen.com Moscow RUS"]
[Date "2017.02.04"]
[Round "8.10"]
[White "Volkov,Sergey1"]
[Black "Khegay,D"]
[Result "1-0"]
[WhiteElo "2617"]
[BlackElo "2478"]

1. d4 Nf6 2. c4 e6 3. Nf3 b6 4. g3 Ba6 5. Qa4 Bb7 6. Bg2 c5 7. O-O cxd4 8.
Nxd4 Bxg2 9. Kxg2 Qc8 10. Rd1 Qb7+ 11. f3 Be7 12. Nc3 a6 13. e4 O-O 14. Qc2
Rc8 15. Qe2 Nc6 16. Bg5 Ne5 17. Rac1 Nxc4 18. e5 Nd5 19. Nxd5 Bxg5 20. Rxc4
Qxd5 21. Nc6 Qb5 22. a4 Qb3 23. Rxd7 b5 24. Rc3 Qxa4 25. Rd4 b4 26. Rxb4 Qa2
27. h4 Bd8 28. Qc2 Kh8 29. Rbc4 Qa1 30. Ra4 Qe1 31. Re4 Qa1 32. Ra3 Rxc6 33.
Qxc6 Qxb2+ 34. Kh3 {#r} 1-0

[Event "PRO League Eastern 2017"]
[Site "masterchessopen.com chess.com INT"]
[Date "2017.02.01"]
[Round "4"]
[White "Vidit,S"]
[Black "Colovic,A"]
[Result "0-1"]
[WhiteElo "2673"]
[BlackElo "2443"]

1. d4 Nf6 2. c4 e6 3. Nf3 b6 4. g3 Bb7 5. Bg2 g6 6. O-O Bg7 7. Qc2 Be4 8. Qb3
Bb7 9. Rd1 O-O 10. d5 exd5 11. cxd5 Na6 12. Nc3 Nc5 13. Qc2 a5 14. Nd4 Re8 15.
h3 d6 16. Nc6 Qc8 17. Bd2 Nfd7 18. Bg5 Bxc6 19. dxc6 Nf6 20. e4 h6 21. Be3 Qe6
22. Re1 Ncxe4 23. Bd4 d5 24. f3 Qxc6 25. fxe4 dxe4 26. Rac1 Rad8 27. Nxe4 Qxc2
28. Rxc2 Rxe4 29. Rxe4 Nxe4 30. Bxg7 Rd1+ 31. Kh2 Kxg7 32. Bxe4 Rd4 33. Bc6 f5
34. Kg2 Kf6 35. b3 g5 36. Bb5 c5 37. Re2 h5 38. Bc4 Rd6 39. Kf2 g4 40. h4 a4
41. bxa4 f4 42. gxf4 Rd4 43. Bb3 Rxf4+ 44. Kg2 c4 45. Bc2 Rd4 46. Kg3 c3 47.
Re3 Rc4 48. Rd3 Ke5 49. a3 Rc7 50. Rxc3 Rxc3+ {#R} 0-1

[Event "TCh-HUN 2016-17"]
[Site "masterchessopen.com Hungary HUN"]
[Date "2017.01.29"]
[Round "5.10"]
[White "Kaczur,F"]
[Black "Medvegy,N"]
[Result "0-1"]
[WhiteElo "2427"]
[BlackElo "2361"]

1. d4 Nf6 2. c4 e6 3. Nf3 b6 4. g3 Ba6 5. b3 b5 6. Nbd2 Bb4 7. Bg2 bxc4 8.
bxc4 Bxc4 9. Rb1 Bxd2+ 10. Nxd2 Bd5 11. e4 Bc6 12. Ba3 a6 13. O-O Bb5 14. e5
Nd5 15. Qg4 g6 16. Bxd5 exd5 17. Rfe1 Nc6 18. Qf3 Ne7 19. Qf6 Rg8 20. Nf3 h6
21. Rb3 Nf5 22. g4 Ng7 23. Qf4 g5 24. Qg3 Ne6 25. Rc3 Nf4 26. Rc2 Bd3 27. Rd2
Rb8 28. h4 Rb6 29. Bc5 Rb5 30. h5 Qb8 31. Nh4 Rb1 32. f3 gxh4 33. Qxh4 Rxe1+
34. Qxe1 Bc4 35. Qe3 Nh3+ 36. Kh2 Ng5 37. Ba3 Bb5 38. Qf4 Qd8 39. Kg3 Rh8 40.
Rc2 Ne6 41. Qe3 Qg5 42. f4 Qg7 43. Kh4 Rg8 44. Rg2 f5 45. Rg3 fxg4 46. f5 Nxd4
{#R} 0-1

[Event "13th Moscow Open A 2017"]
[Site "masterchessopen.com Moscow RUS"]
[Date "2017.02.01"]
[Round "5.6"]
[White "Sviridov,Va"]
[Black "Khanin,S"]
[Result "1-0"]
[WhiteElo "2515"]
[BlackElo "2418"]

1. d4 Nf6 2. c4 e6 3. Nf3 b6 4. g3 Bb7 5. Bg2 Be7 6. O-O O-O 7. d5 exd5 8. Nh4
c6 9. cxd5 cxd5 10. Nc3 Na6 11. Nf5 Nc7 12. Bf4 d6 13. Rc1 Qd7 14. e4 Ne6 15.
Qa4 Rfd8 16. Qxd7 Rxd7 17. Nxe7+ Rxe7 18. Bxd6 Rd7 19. exd5 Rxd6 20. dxe6 Bxg2
21. exf7+ Kxf7 22. Kxg2 Rd2 23. b3 Ng4 24. Rce1 Rc2 25. Nd5 Rxa2 26. Re7+ Kf8
27. Re4 Nf6 28. Rf4 Kf7 29. Rc1 Rf8 30. Nxf6 gxf6 31. Rc7+ Kg6 32. Rg4+ Kf5
33. Rh4 Rd8 34. Rcxh7 Kg6 35. Rc7 Rd6 36. Rg4+ Kf5 37. Rf4+ Kg6 38. h4 a5 39.
g4 Re2 40. Rf5 Re4 41. h5+ Kh6 42. Kg3 a4 43. bxa4 Rxa4 44. Rf7 {#r} 1-0

[Event "TCh-HUN 2016-17"]
[Site "masterchessopen.com Hungary HUN"]
[Date "2017.01.29"]
[Round "5.2"]
[White "Ruck,R1"]
[Black "Beliavsky,A"]
[Result "1-0"]
[WhiteElo "2566"]
[BlackElo "2605"]

1. Nf3 Nf6 2. c4 b6 3. g3 Bb7 4. Bg2 e6 5. Nc3 Be7 6. O-O O-O 7. Re1 d5 8.
cxd5 exd5 9. d4 Nbd7 10. Bf4 Nh5 11. Rc1 Nxf4 12. gxf4 c5 13. dxc5 Nxc5 14.
Ne5 Qe8 15. Nxd5 Rd8 16. b4 Ne6 17. Qb3 Bd6 18. e3 Bxe5 19. fxe5 Rd7 20. Rcd1
Kh8 21. e4 f6 22. exf6 gxf6 23. Re3 Nc7 24. Red3 Nxd5 25. exd5 Qe5 26. Re3 Qh5
27. Rh3 Qe5 28. Qe3 Qxe3 29. fxe3 Rc8 30. e4 Ba6 31. Rd2 Kg7 32. Kf2 Kf8 33.
Ra3 {#r} 1-0

[Event "PRO League Atlantic 2017"]
[Site "masterchessopen.com chess.com INT"]
[Date "2017.02.01"]
[Round "4"]
[White "Wang,Jason"]
[Black "Paikidze,N"]
[Result "0-1"]
[WhiteElo "2006"]
[BlackElo "2369"]

1. d4 Nf6 2. c4 e6 3. Nc3 Bb4 4. f3 d5 5. a3 Bxc3+ 6. bxc3 O-O 7. cxd5 exd5 8.
e3 Nh5 9. Qc2 f5 10. Bd3 c5 11. Qf2 f4 12. exf4 cxd4 13. cxd4 Nxf4 14. Bxf4
Rxf4 15. Ne2 Qa5+ 16. Kf1 Rf6 17. Qh4 h6 18. Kf2 Nc6 19. Rhe1 Bd7 20. Rad1 Re8
21. Kg1 Qxa3 22. Bb1 Qb2 23. Ng3 Rxe1+ 24. Rxe1 Qxd4+ 25. Qxd4 Nxd4 26. Re7
Bc6 27. Nh5 Rf7 28. Re1 Nf5 29. Re5 Ne7 30. Kf2 g6 31. Ng3 Kg7 32. Ke3 Kf6 33.
f4 Nc8 34. Kd4 Nd6 35. Bd3 b6 36. Nf1 Nc4 37. Bxc4 dxc4 38. Kxc4 Rc7 39. Kd4
Bxg2 40. Ne3 Rd7+ 41. Kc4 Bf3 42. Kb5 Rd4 43. Ka6 Ra4+ 44. Kb5 Ra5+ 45. Kc4
Rxe5 46. fxe5+ Kxe5 {#R} 0-1

[Event "PRO League Atlantic 2017"]
[Site "masterchessopen.com chess.com INT"]
[Date "2017.02.01"]
[Round "4"]
[White "Kumar,Aravind"]
[Black "Sambuev,B"]
[Result "0-1"]
[WhiteElo "2209"]
[BlackElo "2539"]

1. d4 Nf6 2. c4 e6 3. Nc3 Bb4 4. f3 c5 5. d5 O-O 6. e4 Nh5 7. Nh3 f5 8. Bg5
Qe8 9. g4 fxg4 10. fxg4 Nf6 11. Bxf6 Rxf6 12. e5 Rf8 13. Bg2 d6 14. dxe6 Bxe6
15. Qxd6 Nc6 16. O-O-O Rd8 17. Bxc6 Rxd6 18. Bxe8 Rxd1+ 19. Nxd1 Rxe8 20. Ne3
Ba5 21. Ng5 Bc7 22. Nxe6 Rxe6 23. Nd5 Bxe5 24. b3 Bd4 25. Kd2 Ra6 26. a4 h5
27. h3 hxg4 28. hxg4 Re6 29. Rf1 g6 30. Kd3 Kg7 31. Rh1 Re5 32. Rh2 Rg5 33.
Rg2 Kf7 34. Ke4 Ke6 35. Kf3 Re5 36. Re2 a6 37. Re4 Kd6 38. Rf4 Re1 39. Kg2 Rb1
40. Rf3 b5 41. axb5 axb5 42. Nb6 b4 43. Nd5 Ke5 44. Kg3 Ke4 45. Rf4+ Kd3 46.
Rf3+ Kc2 47. Ne7 Rxb3 {#R} 0-1

[Event "25th Fajr Open 2017"]
[Site "masterchessopen.com Sareyn IRI"]
[Date "2017.02.02"]
[Round "8.9"]
[White "Feyli,S"]
[Black "Tarlev,K"]
[Result "0-1"]
[WhiteElo "2258"]
[BlackElo "2592"]

1. d4 Nf6 2. c4 e6 3. Nc3 Bb4 4. Nf3 b6 5. e3 Bb7 6. Bd3 O-O 7. O-O c5 8. Na4
cxd4 9. a3 Be7 10. exd4 d6 11. b4 Nbd7 12. Bb2 Re8 13. Re1 Bf8 14. Nc3 Rc8 15.
Nd2 Qc7 16. Nb3 Qb8 17. a4 d5 18. c5 a5 19. bxa5 bxc5 20. dxc5 Nxc5 21. Nxc5
Bxc5 22. Nb5 e5 23. Bf5 Rcd8 24. Qd2 Bc8 25. Qc2 Bb4 26. Reb1 Bxa5 27. Ba3
Bxf5 28. Qxf5 Ne4 29. Nc3 g6 30. Qh3 Qa8 31. Nxe4 dxe4 32. Bc5 Rd3 33. Qh6 Bc3
34. Ra3 Qd5 {#R} 0-1

[Event "Gibraltar Masters 2017"]
[Site "masterchessopen.com Caleta ENG"]
[Date "2017.01.31"]
[Round "8.54"]
[White "Webb,L"]
[Black "Blomqvist,E"]
[Result "0-1"]
[WhiteElo "2313"]
[BlackElo "2574"]

1. d4 Nf6 2. c4 e6 3. Nc3 Bb4 4. Bg5 c5 5. d5 d6 6. e3 exd5 7. cxd5 Nbd7 8.
Bd3 Qa5 9. Nge2 Nxd5 10. O-O Bxc3 11. bxc3 c4 12. Bc2 O-O 13. Qd4 Nxc3 14.
Qxc3 Qxg5 15. Qxc4 Nf6 16. Rfd1 Be6 17. Qd3 Rac8 18. Bb3 Bg4 19. Rdc1 Bxe2 20.
Qxe2 Rc5 21. g3 Rfc8 22. Rd1 Qe5 23. Rd4 Rc1+ 24. Rxc1 Rxc1+ 25. Kg2 h5 26.
Qd3 Rc6 27. h3 Kf8 28. f4 Qc5 29. e4 g6 30. Rc4 Qb5 31. Qd4 Ke7 32. e5 dxe5
33. fxe5 Nd7 34. Qh4+ Ke8 35. e6 fxe6 36. Rxc6 Qe2+ 37. Kg1 bxc6 38. Qb4 Qe5
39. Kg2 Nc5 40. Bd1 Ne4 41. Qe1 Qb2+ 42. Kg1 Qd4+ 43. Kg2 Ke7 44. h4 Nf6 45.
Bb3 Nd5 46. Qe2 c5 47. Qa6 c4 48. Qa4 Ne3+ 49. Kf3 {#R} 0-1

[Event "13th Moscow Open B w 2017"]
[Site "masterchessopen.com Moscow RUS"]
[Date "2017.02.04"]
[Round "8.4"]
[White "Nechaeva,Marina"]
[Black "Drogovoz,I"]
[Result "1-0"]
[WhiteElo "2406"]
[BlackElo "2193"]

1. d4 Nf6 2. c4 e6 3. Nc3 Bb4 4. Qc2 b6 5. e4 Bb7 6. Bd3 c5 7. d5 b5 8. b3
Bxc3+ 9. Qxc3 b4 10. Qb2 d6 11. Ne2 e5 12. a3 a5 13. Ng3 Qb6 14. axb4 axb4 15.
Rxa8 Bxa8 16. O-O O-O 17. Bg5 Nbd7 18. f4 Re8 19. fxe5 dxe5 20. Qf2 Rf8 21.
Nf5 g6 22. Nh6+ Kg7 23. Qh4 Bb7 24. Rxf6 Nxf6 25. Nf5+ {#r} 1-0